| 000 | 00994cam a2200241 i 4500 | ||
|---|---|---|---|
| 999 |
_c10439 _d10439 |
||
| 003 | OSt | ||
| 005 | 20220321131420.0 | ||
| 006 | m |o d | | ||
| 008 | 180604s2019 enk ob 001 0 eng | ||
| 020 |
_a9781138673472 _q(pbk) |
||
| 040 |
_aDLC _beng _erda _cDLC _dDLC |
||
| 042 | _apcc | ||
| 082 | 0 | 0 |
_a153.4/3 _223 _bAND |
| 100 | 1 |
_aPressman, Andy, _eauthor. |
|
| 245 | 1 | 0 |
_aDesign thinking : _ba guide to creative problem solving for everyone / _cAndrew Pressman. |
| 300 | _a1 online resource. | ||
| 504 | _aIncludes bibliographical references and index. | ||
| 505 | 0 | _aProcesses. Design Thinking Overview -- Building Blocks of Design Thinking -- Tools and Strategies -- Applications. Politics and Society -- Business -- Health and Science -- Law -- Writing -- Index. | |
| 650 | 0 | _aProblem solving. | |
| 650 | 0 | _aCreative thinking. | |
| 776 | 0 | 8 |
_iPrint version: _aPressman, Andy, author. _tDesign thinking _dNew York : Routledge, 2019 _z9781138673458 _w(DLC) 2018026556 |
| 942 | _2ddc | ||